000
00288nam a2200121Ia 4500
008
221030s9999 xx 000 0 und d
041
_a
English
100
_a
S. M. Sze
245
0
_a
Semiconductor Devices (Physics & Technology)
_c
by S. M. Sze
260
_c
0
650
_a
B
942
_c
BK
999
_c
14084
_d
14084